00282nam a2200121Ia 45000030006000000080041000060400015000471000016000622450044000782600009001225460012001310050017001430STCL150530s9999 xx 000 0 und d aSTCLcSTCL aHugar, S.S. aTrends and challenges to Indian banking c1993 aEnglish20220125165533.0